000 00618nam a2200241Ia 4500
003 OSt
005 20221007070610.0
006 a|||||r|||| 00| 0
007 ta
008 221006b |||||||| |||| 00| 0 eng d
024 _a43,229
037 _cTextual
040 _aFLL
_cFLL
_beng
041 _2eng
_aeng
082 _aV2:2:(Z), K8.4
100 _aRao B.S.
_9239476
245 0 _aThe framing of India's constitution
260 _aGurgaon
_bLexisNexis India
_c1968
300 _a960 xi
_ccm.
490 _v4
942 _hV2:2:(Z), K8.4
_cTEXL
_2CC
999 _c1140991
_d1140991